000 00794cam a2200277 i 4500
001 768714001
003 CO-MdBIC
005 20231122151154.0
007 ta
008 231122t1988 sp ||||| |||| 00| 0 spa d
020 _a84-7645-304-3
040 _bspa.
_aCO-MdFUSB
_cCO-MdFUSB
_dCO-MdFUSBC
_erda
041 _aspa
082 0 4 _aG 231 J939n
100 1 _aJukes, Andrew (1815-1901)
245 1 0 _aLos nombres de Dios en la Sagrada Escritura / Andrew Jukes ; Javier Martín, Traductor
_c/
264 1 _aTerrassa, Barcelona, España : CLIE
_bClie,
_c[1988]
264 4 _c©1988
300 _a197 Pag
_c;
336 _atexto
_btxt
_2rdacontent
337 _2rdamedia
_asin mediación
_bn
338 _2rdacarrier
_avolumen
_bnc
650 7 _aDios
_9178
942 _cBK
945 _aJohan1477
999 _c34384
_d34384